[Event "Verden op-B"]
[Site "Verden"]
[Date "2023.01.08"]
[Round "7"]
[White "Wilmink, Luca"]
[Black "Laun, Kurt"]
[Result "0-1"]
[WhiteElo "1416"]
[BlackElo "1585"]
[PlyCount "62"]
[EventDate "2023.01.05"]
[EventType "swiss"]
[EventRounds "7"]
[EventCountry "GER"]
[SourceTitle "CBM 212 Extra"]
[Source "ChessBase"]
[SourceDate "2023.03.31"]
[SourceVersion "1"]
[SourceVersionDate "2023.03.31"]
[SourceQuality "1"]

1. e4 c5 2. Nf3 Nc6 3. d4 cxd4 4. Nxd4 Nf6 5. Nc3 e6 6. Bg5 a6 7. Nxc6 bxc6 8. e5 h6 9. Bh4 g5 10. exf6 gxh4 11. Qd4 Rb8 12. Qe5 d6 13. Qe4 d5 14. Qa4 Qc7 15. a3 a5 16. Rb1 Bd7 17. Qxh4 Qe5+ 18. Be2 Rxb2 19. Qg3 Qxg3 20. fxg3 Bxa3 21. 0-0 0-0 22. Rf4 e5 23. Rh4 e4 24. Rf1 Bc5+ 25. Kh1 Kh7 26. Rh5 Rxc2 27. g4 Rg8 28. h4 Bxg4 29. Bxg4 Rxg4 30. Rb1 Rgxg2 31. Rb7 Rh2# 0-1

[Event "GER Pfingstopen U16"]
[Site "Playchess.com INT"]
[Date "2020.06.05"]
[Round "1"]
[White "Wilmink, Luca"]
[Black "Klahold, Rona"]
[Result "0-1"]
[WhiteElo "1429"]
[BlackElo "1596"]
[PlyCount "110"]
[EventDate "2020.06.05"]
[EventType "swiss (blitz)"]
[EventRounds "11"]
[EventCountry "GER"]
[SourceTitle "CBM 197 Extra"]
[Source "ChessBase"]
[SourceDate "2020.09.30"]
[SourceVersion "1"]
[SourceVersionDate "2020.09.30"]
[SourceQuality "1"]

1. e4 e5 2. Nf3 Nc6 3. d4 exd4 4. Bc4 Nf6 5. 0-0 Bc5 6. c3 dxc3 7. Nxc3 0-0 8. Bg5 h6 9. Bh4 d6 10. Bxf6 Qxf6 11. h3 Bd7 12. Qe2 Ne5 13. Nxe5 dxe5 14. Rad1 Rad8 15. Rd3 Bc6 16. Rfd1 Bd4 17. Nb5 Bxb5 18. Bxb5 Qb6 19. R3d2 c6 20. Bc4 Rde8 21. b3 Qc5 22. Kh1 Rd8 23. f4 Rde8 24. Qf3 Be3 25. Rc2 Kh8 26. fxe5 Rxe5 27. Rd3 Bg5 28. Rd7 Re7 29. Rxe7 Qxe7 30. Rf2 Bf6 31. Qg3 Bh4 32. Qg4 Bxf2 33. Qf3 Bh4 34. Qg4 Bf6 35. Qf3 Qd6 36. Qe3 Be5 37. Qe2 Rd8 38. Kg1 Qd1+ 39. Qxd1 Rxd1+ 40. Kf2 Rd2+ 41. Kf3 Rxa2 42. Bxf7 Bf6 43. Bc4 Rd2 44. Kf4 b5 45. e5 bxc4 46. exf6 gxf6 47. bxc4 Rd4+ 48. Kf5 Rxc4 49. Kxf6 a5 50. Ke6 a4 51. Kd6 a3 52. Kc7 a2 53. Kb6 a1Q 54. Kb7 Qb1+ 55. Ka6 Ra4# 0-1

[Event "GER Pfingstopen U16"]
[Site "Playchess.com INT"]
[Date "2020.06.05"]
[Round "11"]
[White "Wilmink, Luca"]
[Black "Prokscha, Maurice"]
[Result "0-1"]
[WhiteElo "1429"]
[BlackElo "1620"]
[PlyCount "112"]
[EventDate "2020.06.05"]
[EventType "swiss (blitz)"]
[EventRounds "11"]
[EventCountry "GER"]
[SourceTitle "CBM 197 Extra"]
[Source "ChessBase"]
[SourceDate "2020.09.30"]
[SourceVersion "1"]
[SourceVersionDate "2020.09.30"]
[SourceQuality "1"]

1. e4 e5 2. Nf3 Nc6 3. d4 exd4 4. Bc4 h6 5. 0-0 d6 6. c3 dxc3 7. Nxc3 Nf6 8. Bf4 Bg4 9. h3 Bh5 10. Re1 Be7 11. e5 dxe5 12. Qxd8+ Rxd8 13. Nxe5 Nxe5 14. Rxe5 Kf8 15. Rae1 Bd6 16. Rf5 Bg6 17. Bxd6+ Rxd6 18. Rfe5 Rd8 19. Nd5 Nxd5 20. Bxd5 c6 21. Bb3 Kg8 22. Re8+ Rxe8 23. Rxe8+ Kh7 24. Re7 Rb8 25. Bxf7 Bxf7 26. Rxf7 Kg6 27. Rd7 Kf6 28. f4 g6 29. Kf2 Kf5 30. Kf3 h5 31. g4+ hxg4+ 32. hxg4+ Kf6 33. Rd6+ Kf7 34. g5 Re8 35. Rd7+ Re7 36. Rxe7+ Kxe7 37. Ke4 Ke6 38. b3 c5 39. Ke3 Kf5 40. Kf3 b5 41. Ke3 c4 42. bxc4 bxc4 43. Kd4 Kxf4 44. Kxc4 Kxg5 45. Kb5 Kf4 46. Ka6 g5 47. Kxa7 g4 48. Kb7 g3 49. a4 g2 50. a5 g1Q 51. a6 Qb1+ 52. Ka7 Ke5 53. Ka8 Kd6 54. a7 Qc2 55. Kb8 Qc7+ 56. Ka8 Qc8# 0-1

[Event "Niedersachsen-ch op-C"]
[Site "Verden an der Aller"]
[Date "2020.01.02"]
[Round "1"]
[White "Hommel, Katja"]
[Black "Wilmink, Luca"]
[Result "0-1"]
[WhiteElo "788"]
[BlackElo "1273"]
[PlyCount "74"]
[EventDate "2020.01.02"]
[EventType "swiss"]
[EventRounds "7"]
[EventCountry "GER"]
[SourceTitle "EXT 2023"]
[Source "ChessBase"]
[SourceDate "2022.10.05"]
[SourceVersion "1"]
[SourceVersionDate "2022.10.05"]
[SourceQuality "1"]

1. c4 c5 2. Nc3 Nc6 3. e4 g6 4. Nf3 Bg7 5. d3 e6 6. Be2 Nge7 7. Be3 b6 8. Qd2 0-0 9. Bh6 d5 10. e5 dxc4 11. Bxg7 Kxg7 12. 0-0 cxd3 13. Bxd3 Nb4 14. Be4 Qxd2 15. Nxd2 Ned5 16. a3 Ba6 17. Rfd1 Nxc3 18. bxc3 Nd5 19. Nf3 Nxc3 20. Re1 Nxe4 21. Rxe4 Rfd8 22. Rh4 Rd5 23. Re1 Rad8 24. h3 Rd1 25. Ra4 Rxe1+ 26. Nxe1 Bb5 27. Rb4 cxb4 28. axb4 Rd1 29. f4 Rxe1+ 30. Kf2 Rb1 31. g4 Rxb4 32. Kg3 a5 33. f5 gxf5 34. Kh4 Be2 35. Kg5 fxg4 36. h4 h6+ 37. Kh5 g3# 0-1

[Event "GER-ch U25-C"]
[Site "Willingen"]
[Date "2019.06.11"]
[Round "4"]
[White "Malinowsky, Celina"]
[Black "Wilmink, Luca"]
[Result "1-0"]
[WhiteElo "1109"]
[BlackElo "1283"]
[PlyCount "125"]
[EventDate "2019.06.08"]
[EventType "swiss"]
[EventRounds "9"]
[EventCountry "GER"]
[SourceTitle "CBM 191 Extra"]
[Source "ChessBase"]
[SourceDate "2019.09.30"]
[SourceVersion "1"]
[SourceVersionDate "2019.09.30"]
[SourceQuality "1"]

1. e4 c5 2. Nf3 Nc6 3. Bc4 g6 4. d3 Bg7 5. Nc3 d6 6. Be3 Nf6 7. Qd2 a6 8. a3 b5 9. Ba2 b4 10. Ne2 bxa3 11. bxa3 Rb8 12. 0-0 0-0 13. Rab1 Rxb1 14. Rxb1 e6 15. Bh6 d5 16. Bxg7 Kxg7 17. e5 Nd7 18. d4 cxd4 19. Nexd4 Ncxe5 20. Nxe5 Nxe5 21. Qc3 Qf6 22. Nc6 Nxc6 23. Qxc6 Qe5 24. g3 Rd8 25. Qb6 Qd6 26. Qxd6 Rxd6 27. Rb8 Rc6 28. Bb3 Rc5 29. a4 Kf6 30. Kg2 Ke5 31. Kf3 Kd4 32. Kf4 e5+ 33. Kf3 h5 34. Rb6 a5 35. Ke2 Be6 36. Kd2 Ke4 37. Ke2 Bg4+ 38. Ke1 Kf3 39. Rb5 Rxb5 40. axb5 Bd7 41. Bxd5+ Kg4 42. b6 a4 43. b7 a3 44. b8Q Be6 45. Bxe6+ fxe6 46. Qb4+ Kf5 47. Qxa3 g5 48. Qf3+ Kg6 49. Qe4+ Kf6 50. c4 Ke7 51. Qxe5 Kd7 52. Qxg5 Kd6 53. Qxh5 Kc6 54. Qe5 Kd7 55. Kd2 Ke7 56. Ke3 Kd7 57. Kd4 Ke7 58. Kc5 Kd7 59. Qd6+ Kc8 60. Qxe6+ Kd8 61. Qf7 Kc8 62. Kc6 Kb8 63. Qb7# 1-0

[Event "GER-ch U25-C"]
[Site "Willingen"]
[Date "2019.06.09"]
[Round "1"]
[White "Wilmink, Luca"]
[Black "Struebel, Tobias"]
[Result "0-1"]
[WhiteElo "1283"]
[BlackElo "1337"]
[PlyCount "140"]
[EventDate "2019.06.08"]
[EventType "swiss"]
[EventRounds "9"]
[EventCountry "GER"]
[SourceTitle "CBM 191 Extra"]
[Source "ChessBase"]
[SourceDate "2019.09.30"]
[SourceVersion "1"]
[SourceVersionDate "2019.09.30"]
[SourceQuality "1"]

1. e4 e5 2. Nf3 Nc6 3. d4 exd4 4. Bc4 Nf6 5. 0-0 Be7 6. Re1 d5 7. exd5 Nxd5 8. Nxd4 Ndb4 9. Nxc6 Qxd1 10. Rxd1 bxc6 11. Bb3 Bf5 12. c3 Nc2 13. Bxc2 Bxc2 14. Re1 Rd8 15. Bf4 Rd7 16. Na3 Bg6 17. Nc4 f6 18. Na5 c5 19. Nc6 Kf7 20. Nxa7 Ra8 21. Nb5 c6 22. Na3 Bd3 23. Red1 g5 24. Be3 c4 25. Nxc4 Rad8 26. b3 Bc2 27. Rd2 Rxd2 28. Nxd2 Ba3 29. Nc4 Be7 30. Rc1 h5 31. f3 Rd1+ 32. Rxd1 Bxd1 33. Kf2 Bc2 34. Ke2 Bb1 35. a4 Bc2 36. Na5 c5 37. Kd2 Bf5 38. Nc6 Bd6 39. b4 cxb4 40. cxb4 Bd7 41. b5 Bc7 42. Kc3 Ke6 43. Kc4 Kd6 44. Bc5+ Ke6 45. Ne7 Bxh2 46. a5 Bb8 47. b6 g4 48. fxg4 hxg4 49. a6 Bd6 50. Bxd6 Kxd6 51. Nd5 Be6 52. Kb5 Bxd5 53. a7 Bb7 54. g3 f5 55. Kc4 Kc6 56. Kd4 Kxb6 57. Ke5 Kxa7 58. Kxf5 Bf3 59. Kf4 Kb6 60. Ke3 Kc5 61. Kf2 Kd4 62. Kg1 Ke3 63. Kh2 Bd1 64. Kg2 Ke2 65. Kg1 Kf3 66. Kh2 Ba4 67. Kg1 Kxg3 68. Kh1 Kf2 69. Kh2 g3+ 70. Kh1 Bc6# 0-1

[Event "Niedersachsen-ch op C"]
[Site "Verden"]
[Date "2019.01.06"]
[Round "7"]
[White "Wilmink, Luca"]
[Black "Schinner, Alexander"]
[Result "1-0"]
[WhiteElo "1214"]
[BlackElo "1117"]
[PlyCount "61"]
[EventDate "2019.01.03"]
[EventType "swiss"]
[EventRounds "7"]
[EventCountry "GER"]
[SourceTitle "EXT 2022"]
[Source "ChessBase"]
[SourceDate "2021.10.06"]
[SourceVersion "1"]
[SourceVersionDate "2021.10.06"]
[SourceQuality "1"]

1. e4 c5 2. Nf3 Nc6 3. d4 cxd4 4. Nxd4 g6 5. Nc3 Bg7 6. Be3 d6 7. Bc4 Nf6 8. Qd2 Ng4 9. Nxc6 bxc6 10. Bg5 0-0 11. h3 Ne5 12. Bb3 Re8 13. 0-0 Bxh3 14. f4 Qb6+ 15. Kh1 Bxg2+ 16. Qxg2 Nd7 17. f5 e6 18. f6 Bf8 19. Qh2 d5 20. e5 Qd4 21. Rae1 Qg4 22. Bh6 Qh5 23. Qxh5 gxh5 24. Rg1+ Kh8 25. Bg7+ Bxg7 26. Rxg7 Rf8 27. Ba4 Rac8 28. b4 Nb6 29. Reg1 Rg8 30. Bb3 Rc7 31. Rxg8# 1-0

[Event "GER-ch U25-B"]
[Site "Willingen"]
[Date "2016.05.20"]
[Round "8"]
[White "Parma, Lea"]
[Black "Wilmink, Luca"]
[Result "1-0"]
[WhiteElo "1170"]
[BlackElo "817"]
[PlyCount "109"]
[EventDate "2016.05.15"]
[EventType "swiss"]
[EventRounds "9"]
[EventCountry "GER"]
[SourceTitle "CBM 172 Extra"]
[Source "ChessBase"]
[SourceDate "2016.06.21"]
[SourceVersion "1"]
[SourceVersionDate "2016.06.21"]
[SourceQuality "1"]

1. e4 e5 2. Nf3 Nf6 3. Nc3 Nc6 4. Bc4 Bc5 5. 0-0 d6 6. d3 Bg4 7. Nd5 0-0 8. c3 a6 9. Re1 b5 10. Nxf6+ Qxf6 11. Bd5 Bd7 12. d4 exd4 13. cxd4 Bb4 14. Bd2 Bxd2 15. Qxd2 Rab8 16. Bxc6 Bxc6 17. Rac1 Rb6 18. d5 Bd7 19. Rxc7 Bg4 20. Nd4 Qg6 21. Ne2 Bf3 22. Nf4 Qg5 23. Qe3 Bg4 24. Qxb6 Qxf4 25. Qe3 Qe5 26. f3 Bh5 27. Qc3 Qg5 28. Qe3 Qe5 29. Rec1 h6 30. Rc8 Rxc8 31. Rxc8+ Kh7 32. g4 Bg6 33. f4 Qxe4 34. Qxe4 Bxe4 35. Rd8 Bxd5 36. Rxd6 Bxa2 37. Rxa6 Be6 38. Rb6 Bxg4 39. Rxb5 Be6 40. b3 f6 41. b4 g5 42. fxg5 hxg5 43. Rb7+ Kg6 44. b5 f5 45. b6 f4 46. Ra7 g4 47. b7 g3 48. hxg3 fxg3 49. b8Q Bh3 50. Qxg3+ Kf6 51. Qxh3 Kg5 52. Qf1 Kg4 53. Rg7+ Kh4 54. Qg2 Kh5 55. Rh7# 1-0

[Event "GER-ch U25-B"]
[Site "Willingen"]
[Date "2016.05.19"]
[Round "7"]
[White "Wilmink, Luca"]
[Black "Gehrke, Korbinian"]
[Result "0-1"]
[WhiteElo "817"]
[BlackElo "1240"]
[PlyCount "56"]
[EventDate "2016.05.15"]
[EventType "swiss"]
[EventRounds "9"]
[EventCountry "GER"]
[SourceTitle "CBM 172 Extra"]
[Source "ChessBase"]
[SourceDate "2016.06.21"]
[SourceVersion "1"]
[SourceVersionDate "2016.06.21"]
[SourceQuality "1"]

1. e4 c5 2. d4 cxd4 3. Qxd4 Nc6 4. Qd1 Nf6 5. Nc3 g6 6. Nf3 Qc7 7. Bc4 Qb6 8. b3 Ng4 9. Be3 Nxe3 10. fxe3 Qxe3+ 11. Ne2 Qxe4 12. Ng5 Qh4+ 13. g3 Qxg5 14. Qb1 Bg7 15. c3 0-0 16. h4 Qe3 17. Qd3 Qc5 18. g4 Ne5 19. Qe4 d6 20. h5 e6 21. Qc2 Nxg4 22. hxg6 fxg6 23. Bd3 Qf2+ 24. Kd2 Qe3+ 25. Kd1 Nf2+ 26. Ke1 Nxh1 27. Rd1 Rf1+ 28. Kxf1 Qf2# 0-1

[Event "GER-ch U25-B"]
[Site "Willingen"]
[Date "2016.05.15"]
[Round "1"]
[White "Wilmink, Luca"]
[Black "Goetz, Timon"]
[Result "0-1"]
[WhiteElo "817"]
[BlackElo "1268"]
[PlyCount "80"]
[EventDate "2016.05.15"]
[EventType "swiss"]
[EventRounds "9"]
[EventCountry "GER"]
[SourceTitle "CBM 172 Extra"]
[Source "ChessBase"]
[SourceDate "2016.06.21"]
[SourceVersion "1"]
[SourceVersionDate "2016.06.21"]
[SourceQuality "1"]

1. e4 c5 2. Nf3 Nc6 3. c3 e6 4. d4 cxd4 5. cxd4 Nf6 6. Nc3 a6 7. Bg5 Be7 8. Qb3 d5 9. e5 Ne4 10. Bxe7 Qxe7 11. Nxe4 dxe4 12. Nd2 Nxd4 13. Qc4 Nc6 14. Nxe4 Nxe5 15. Qd4 f6 16. f4 Nf7 17. Be2 0-0 18. Bh5 Nh6 19. g4 e5 20. fxe5 fxe5 21. Qe3 Bxg4 22. Bxg4 Nxg4 23. Qg3 Nf6 24. Qg2 Nxe4 25. Qxe4 Rac8 26. Rd1 Qc5 27. Rf1 Qa5+ 28. Rd2 Rc1+ 29. Ke2 Rcxf1 30. Rd7 Qe1+ 31. Kd3 R1f3+ 32. Qxf3 Rxf3+ 33. Kc4 Qe2+ 34. Kd5 Rd3+ 35. Ke6 Qg4+ 36. Kxe5 Qxd7 37. Ke4 Qd5+ 38. Kf4 Qc4+ 39. Ke5 Rd5+ 40. Ke6 Qe4# 0-1